[Event "CAN-ch"]
[Site "Toronto CAN"]
[Date "1972.06.17"]
[Round "8"]
[White "Zuk, Robert"]
[Black "Piasetski, Leon"]
[Result "1-0"]
[WhiteElo "2260"]
[BlackElo "2275"]
[PlyCount "113"]
[EventDate "1972.06.10"]
[EventType "tourn"]
[EventRounds "17"]
[EventCountry "CAN"]

1. e4 Nf6 2. e5 Nd5 3. d4 d6 4. Nf3 Bg4 5. Be2 e6 6. O-O Be7 7. c4 Nb6 8. exd6
cxd6 9. Nc3 O-O 10. h3 Bh5 11. Re1 N8d7 12. b3 Nf6 13. a4 a5 14. Ba3 Rc8 15.
Qd2 Nbd7 16. Bd1 Nb8 17. d5 Bxf3 18. Bxf3 e5 19. Bg4 Nxg4 20. hxg4 g6 21. g3
Na6 22. Kg2 f5 23. gxf5 Rxf5 24. Ne4 b6 25. Rh1 Qd7 26. Qh6 Bf8 27. Qh4 Qf7 28.
Ng5 Rxg5 29. Qxg5 Nc7 30. Qg4 Rd8 31. Rh3 Bg7 32. Rah1 h5 33. Qe4 Ne8 34. Qe3
Rb8 35. Rb1 Qd7 36. Rhh1 Nf6 37. Qd3 e4 38. Qe3 Kh7 39. Qf4 Rf8 40. Qxd6 Qf7
41. Qf4 Bh6 42. Qe5 Ng4 43. Qe7 Qxe7 44. Bxe7 Rxf2+ 45. Kh3 g5 46. Rbf1 Rd2 47.
d6 Kg6 48. b4 Bg7 49. c5 bxc5 50. bxc5 Ne5 51. Bxg5 Kxg5 52. Rd1 Rd3 53. Rxd3
exd3 54. Kg2 Nc6 55. Rd1 Nb4 56. Rxd3 Kf6 57. d7 1-0

[Event "CAN-ch"]
[Site "Toronto CAN"]
[Date "1972.06.23"]
[Round "14"]
[White "Piasetski, Leon"]
[Black "Day, Lawrence"]
[Result "0-1"]
[WhiteElo "2275"]
[BlackElo "2345"]
[PlyCount "70"]
[EventDate "1972.06.10"]
[EventType "tourn"]
[EventRounds "17"]
[EventCountry "CAN"]

1. c4 e5 2. Nc3 Nc6 3. Nf3 g6 4. e3 d6 5. Be2 Bg7 6. Rb1 f5 7. d3 Nh6 8. Qc2
O-O 9. b4 a6 10. Nd5 Ne7 11. Nd2 Be6 12. Nxe7+ Qxe7 13. a4 c6 14. Nb3 g5 15. d4
Rae8 16. O-O g4 17. c5 Bxb3 18. Qxb3+ d5 19. dxe5 Bxe5 20. g3 Nf7 21. Bb2 Qg5
22. Bc1 Qg6 23. b5 axb5 24. axb5 Re6 25. Bb2 Rfe8 26. Bxe5 Nxe5 27. Ra1 Nf3+
28. Bxf3 gxf3 29. Ra4 Re4 30. Rfa1 Qg4 31. Qd1 R8e6 32. h3 Qh5 33. Kh2 Rh6 34.
h4 Qg4 35. Rxe4 Rxh4+ 0-1